=LDR 00000nam 2200000 4500 =001 INLIS000000000002344 =005 20130612090705 =008 ***********************************Ind** =035 ##$$0010-061300000002344 =041 ##$$a Ind =082 ##$$a 892.7 =090 ##$$a 892.7 =100 ##$$a Gibran, Kahlil =245 ##$$a Panggung fana, Kahlili Gibran =260 ##$$a 1999 $b Yogyakarta =300 ##$$a xlv, 144 hlm, 21 cm =650 ##$$a Kesusastraan Arab =850 ##$$a NBPNMAT